000 00515nam a2200181 i 4500
001 129067
003 ES-MaACL
005 20230906193430.0
007 t|
008 070605s20051963sp ||||1| spa d
080 _a641.662
100 1 _aTejera, María Luisa.
_9109581
245 1 0 _aMenestra de ternera a la santanderina /
_cMaría Luisa Tejera.
260 _aSantander :
_bTip. Casa Cuevas,
_c1963.
300 _a36 p. :
_bil. ;
_c18 cm.
650 1 4 _aCarne.
_910787
852 _aES-MaACL
_j2041-F-1
_bR.55366
999 _c129067
_d129067